Alle Ausfahrten der Wiener Nordrand Schnellstraße (S2) - Statistiken

Allgemein
  • Dieses Quiz wurde 43 mal gespielt
  • Das Durchschnittsergebnis liegt bei 5 aus 6
Antwortstatistiken
km Bz. Ausfahrt % Korrekt
0,0 W Hirschstetten
94%
1,3 W Breitenlee / Gewerbepark Kagran
88%
0,8 W Gewerbepark Stadlau
88%
3,1 W Hermann-Gebauer-Straße
81%
2,2 W Rautenweg
69%
6,7 W Angerner Straße
38%
Keine übereinstimmenden Quizze gefunden
Verteilung der Resultate
Anzahl Personen mit jedem Resultat
Perzentil nach korrekt beantworteten Fragen
Ihre Resultats-Entwicklung
Sie haben dieses Quiz noch nicht gespielt